Construction materials (Record no. 3506)

000 -LEADER
fixed length control field 00497nam a22002057a 4500
001 - CONTROL NUMBER
control field 3506
003 - CONTROL NUMBER IDENTIFIER
control field BD-DhUET
008 - FIXED-LENGTH DATA ELEMENTS--GENERAL INFORMATION
fixed length control field 0
020 ## - INTERNATIONAL STANDARD BOOK NUMBER
International Standard Book Number 0419154701
040 ## - CATALOGING SOURCE
Transcribing agency 0
Modifying agency BD-DhUET
082 ## - DEWEY DECIMAL CLASSIFICATION NUMBER
Classification number 620.136
Item number ILL/1994
100 ## - MAIN ENTRY--PERSONAL NAME
Personal name Illston, J. M.
245 ## - TITLE STATEMENT
Title Construction materials
Remainder of title their nature and behavior
250 ## - EDITION STATEMENT
Edition statement 1st ed.
260 ## - PUBLICATION, DISTRIBUTION, ETC. (IMPRINT)
Place of publication, distribution, etc. London
Name of publisher, distributor, etc. E & FN Spon
Date of publication, distribution, etc. 1994
300 ## - PHYSICAL DESCRIPTION
Extent xxiii, 517 p.
Other physical details ill.
Dimensions 20 cm.
504 ## - BIBLIOGRAPHY, ETC. NOTE
Bibliography, etc Includes bibliographies
650 #0 - SUBJECT ADDED ENTRY--TOPICAL TERM
Topical term or geographic name as entry element Concrete-Engineering
942 ## - ADDED ENTRY ELEMENTS (KOHA)
Koha item type General Book
Holdings
Koha date last borrowed Koha item type Location (home branch) Lost status Koha renewals Withdrawn status Date acquired Piece designation (barcode) Damaged status Sublocation or collection (holding branch) Koha full call number Koha issues (times borrowed) Copy number Koha normalized classification for sorting Price effective from Koha date last seen Not for loan Source of classification or shelving scheme Shelving location
2015-03-04General BookCentral Library, BUET   2014-11-0192490 Central Library, BUET620.136/ILL/199411620_136000000000000_ILL_19942014-11-012021-06-30  Circulation section
 General BookCentral Library, BUET   2014-11-0192503 Central Library, BUET620.136/ILL/1994 2620_136000000000000_ILL_19942014-11-012014-11-01  Circulation section
2021-08-28General BookCentral Library, BUET   2014-11-0192499 Central Library, BUET620.136/ILL/199413620_136000000000000_ILL_19942014-11-012021-08-28  Circulation section
 General BookCentral Library, BUET 2 2014-11-0192494 Central Library, BUET620.136/ILL/1994 4620_136000000000000_ILL_19942014-11-012016-03-12  Circulation section
 General BookCentral Library, BUET   2014-11-0192501 Central Library, BUET620.136/ILL/1994 5620_136000000000000_ILL_19942014-11-012014-11-01  Circulation section
2024-09-07General BookCentral Library, BUET   2014-11-0192486 Central Library, BUET620.136/ILL/199416620_136000000000000_ILL_19942014-11-012024-09-14  Circulation section
 Reading ItemCentral Library, BUET   2015-06-1492484 Central Library, BUET620.136/ILL/1994 7620_136000000000000_ILL_19942015-06-142015-06-14  Reading section